LEADER 01322nam a2200301 4500 001 000000347558 003 CaOOAMICUS 005 20210915105640.0 008 210901s2021 it 000 u ita r 020 $a978-88-922250-4-6 040 $aSeMil$bita 100 1 $aScimmi, Moira,$d<1970- <.$0(OLS)http://semarc/name/57629 245 10$aOlimpia diacona :$b"non sono nota per distruggere chiese ma per edificarle" /$cMoira Scimmi. 264 1$aCinisello Balsamo :$bSan Paolo,$c2021. 300 $a138 p. ;$c21 cm 490 1 $aParole per lo spirito ;$v246 500 $aIn preliminari: Madri della fede 541 0 $aOmaggio mons. Mario Delpini (3H II 582) 600 04$aOlimpia : di Nicomedia .$0(OLS)http://semarc/subject/50897 830 0$aParole per lo spirito ;$v246.$0(OLS)http://semarc/title/32563 850 $aSeMil 852 $aSeMil$W1$xVenegono$y1$m3H II 582$j229044$B238629$CSeMilBibl$Z2$F238629 $81 941 1 $a7 961 $aOmaggio mons. Mario Delpini 996 $6020$a978-88-922250-4-6$9(OLS)http://semarc/number/293976 996 $6245$aOlimpia diacona :$b"non sono nota per distruggere chiese ma per edificarle"$9(OLS)http://semarc/title/436857 996 $6264$aCinisello Balsamo :$bSan Paolo$9(OLS)http://semarc/publisher/30129 LEADER 00632nam a2200181 i 4500 001 000000228721 003 CaOOAMICUS 005 20260224112507.0 008 140409s1981 it u000 u ita u 040 $aSeMil$bita 245 10$a24: V-Z. 300 $a760 p., 256 p. di tav. di cui alcune ripieg. :$bill. 773 0 $tLessico universale italiano.$dRoma : Istituto della Enciclopedia Italiana, 1968-1998.$w()29697 850 $aSeMil 852 $aSeMil$W1$xVenegono$y1$mSL1.K II 24$j267548$B179067$CSeMilBibl$Z2$F190220 $8I 961 $aOmaggio: Altro 996 $6245$a24: V-Z$9(OLS)http://semarc/title/327368